000 00708nam a2200181Ia 4500
008 090123s9999 xx 000 0 und d
082 _b8053
_a891.463/अष्टिकर
100 _aअष्टीकर मंदाकिनी
245 _aढगामधल्या पुसल्या रेषा
250 _a1
260 _bहेमचंद्र प्रकाशन
300 _a321
600 _aअष्टीकर मंदाकिनी
630 _aढगामधल्या पुसल्या रेषा
700 _aअष्टीकर मंदाकिनी
730 _aढगामधल्या पुसल्या रेषा
942 _cBOOK
999 _c46119
_d46119